Catalog

Record Details

Catalog Search



Available copies

  • 1 of 1 copy available at LARL/NWRL Consortium.
  • 1 of 1 copy available at Northwest Regional Library. (Show preferred library)

Current holds

0 current holds with 1 total copy.

Show Only Available Copies
Location Call Number / Copy Notes Barcode Shelving Location Status Due Date
Warroad Public Library NOO (Text) 35500004426910 Main Available -

Record details

  • ISBN: 9780758209290 (pbk.)
  • ISBN: 0758209290 (pbk.)
  • Physical Description: 442 p. ; 21 cm.
  • Publisher: New York : Kensington Books, 2009.
Subject: War widows > United States > Fiction.
Iraq War, 2003- > Social aspects > United States > Fiction.
LDR 00940cam a22002778a 4500
001101160
003LARL_NWRL_CONSORTIUM
00520090224151506.0
008081002s2009 nyu 000 f eng
015 . ‡aGBA8C6557 ‡2bnb
0167 . ‡a014794440 ‡2Uk
020 . ‡a9780758209290 (pbk.)
020 . ‡a0758209290 (pbk.)
035 . ‡a(OCoLC)315893684 ‡z(OCoLC)243545591
040 . ‡aUKM ‡cUKM ‡dBTCTA ‡dBAKER ‡dGO3 ‡dABG ‡dNRG
08204. ‡a813.6 ‡222
1001 . ‡aNoonan, Rosalind. ‡0(LARL_NWRL_CONSORTIUM)143136
24510. ‡aOne September morning / ‡cRosalind Noonan.
260 . ‡aNew York : ‡bKensington Books, ‡c2009.
300 . ‡a442 p. ; ‡c21 cm.
650 0. ‡aWar widows ‡zUnited States ‡vFiction.
650 0. ‡aIraq War, 2003- ‡xSocial aspects ‡zUnited States ‡vFiction.
901 . ‡a101160 ‡bOCLC ‡c101160 ‡tbiblio

Additional Resources